LEADER 01429nam--2200397---450- 001 990002387640203316 005 20090730115409.0 010 $a88-387-2576-4 035 $a000238764 035 $aUSA01000238764 035 $a(ALEPH)000238764USA01 035 $a000238764 100 $a20050201d2004----km-y0itaa50------ba 101 0 $aita 102 $aIT 105 $ay|||z|||001yy 200 1 $a<> liquidazione delle società$easpetti giuridici, contabili e fiscali$etabelle, esemplificazioni e formule, massimario della giurisprudenza, scadenzario degli adempimenti$eaggiornato con la riforma del diritto societario e l'introduzione dell'IRES$fRenato Dammacco, Salvatore Dammacco 205 $a4. ed 210 $aRimini$cMaggioli$d2004 215 $a310 p.$d24 cm 225 2 $aPuntolinea$iSocietario$v37 410 0$12001$aPuntolinea$iSocietario$v37 606 0 $aSocietà commerciali$xLegislazione 676 $a346.450662 700 1$aDAMMACCO,$bRenato$0116279 701 1$aDAMMACCO,$bSalvatore$0117177 801 0$aIT$bsalbc$gISBD 912 $a990002387640203316 951 $aXXV.3.E 421 (IG II 726 B)$b44613 G.$cXXV.3.E 421 (IG II)$d00123823 959 $aBK 969 $aGIU 979 $aACQUISTI$b10$c20050201$lUSA01$h1708 979 $aRENATO$b90$c20050331$lUSA01$h1300 979 $aRSIAV2$b90$c20090730$lUSA01$h1154 996 $aLiquidazione delle società$91030301 997 $aUNISA LEADER 01017nam0-22003491i-450 001 990001449880403321 005 20200317092239.0 010 $a0-201-61586-X 035 $a000144988 035 $aFED01000144988 035 $a(Aleph)000144988FED01 035 $a000144988 100 $a20001205d1999----km-y0itay50------ba 101 0 $aeng 200 1 $a<>practice of programming$fBrian W. Kernighan, Rob Pike 210 $aReading (Mass.)$cAddison-Wesley$dc1999 215 $axii, 267 p.$d24 cm 225 1 $aAddison-Wesley professional computing series 610 0 $aComputer science$aProgrammazione 676 $a005.1 700 1$aKernighan,$bBrian W.$06059 702 1$aPike,$bRob 801 0$aIT$bUNINA$gRICA$2UNIMARC 901 $aBK 912 $a990001449880403321 952 $a005.1-KER-1$b804$fSC1 952 $a005.1-KER-1A$b805$fSC1 952 $a13 SC I P 08 $b 2145 / 2018 $f FINBC 959 $aSC1 959 $aFINBC 996 $aPractice of programming$9374221 997 $aUNINA